[Event "Deutsche Ländermeisterschaft 2019"]
[Site "Würzburg GER"]
[Date "2019.10.03"]
[Round "3"]
[White "Voigt, Anastasia"]
[Black "Sereda, Yaroslava"]
[Result "0-1"]
[Termination "normal"]
[Board "1.8"]
[WhiteElo "1457"]
[BlackElo "1687"]
[WhiteClock "00:28:26"]
[BlackClock "00:01:28"]
[WhiteTeam "Sachsen-Anhalt"]
[BlackTeam "Nordrhein-Westfalen"]
[PlyCount "122"]
[WhiteFideId "16235223"]
[BlackFideId "14178940"]
[EventCountry "GER"]
[EventRounds "7"]
[EventType "team-swiss"]
[EventDate "2019.10.01"]

1. e4 {[%clk 1:30:58]} c5 {[%clk 1:30:50]} 2. Nf3 {[%clk 1:31:23]} Nc6 {[%clk
1:31:14]} 3. d4 {[%clk 1:31:49]} cxd4 {[%clk 1:31:36]} 4. Nxd4 {[%clk 1:32:08]}
g6 {[%clk 1:31:58]} 5. Nc3 {[%clk 1:32:27]} Bg7 {[%clk 1:32:20]} 6. Be3 {[%clk
1:32:45]} Nf6 {[%clk 1:32:38]} 7. Bc4 {[%clk 1:33:00]} O-O {[%clk 1:32:25]} 8.
Bb3 {[%clk 1:33:14]} d6 {[%clk 1:32:20]} 9. f3 {[%clk 1:32:44]} Nxd4 {[%clk
1:26:29]} 10. Bxd4 {[%clk 1:33:00]} Be6 {[%clk 1:20:35]} 11. Qd2 {[%clk
1:27:54]} a6 {[%clk 1:11:22]} 12. O-O-O {[%clk 1:25:01]} Bxb3 {[%clk 1:03:12]}
13. axb3 {[%clk 1:25:07]} Nd7 {[%clk 0:51:57]} 14. Bxg7 {[%clk 1:24:53]} Kxg7
{[%clk 0:52:17]} 15. h4 {[%clk 1:24:45]} h5 {[%clk 0:44:12]} 16. g4 {[%clk
1:24:38]} Rh8 {[%clk 0:41:16]} 17. Rdg1 {[%clk 1:23:33]} Ne5 {[%clk 0:30:31]}
18. Qf4 {[%clk 1:21:56]} Rc8 {[%clk 0:28:08]} 19. gxh5 {[%clk 1:09:57]} Rxh5
{[%clk 0:27:44]} 20. Rg5 {[%clk 1:06:59]} Qh8 {[%clk 0:25:15]} 21. Rgg1 {[%clk
1:01:55]} Qh6 {[%clk 0:22:25]} 22. Qxh6+ {[%clk 1:00:27]} Rxh6 {[%clk 0:22:41]}
23. Rh3 {[%clk 0:54:56]} Rch8 {[%clk 0:20:44]} 24. f4 {[%clk 0:52:22]} Nd7
{[%clk 0:20:12]} 25. Rgh1 {[%clk 0:51:11]} Nf6 {[%clk 0:17:33]} 26. Kd2 {[%clk
0:50:59]} Rh5 {[%clk 0:14:28]} 27. Ke3 {[%clk 0:49:10]} b5 {[%clk 0:12:46]} 28.
b4 {[%clk 0:48:42]} e6 {[%clk 0:10:17]} 29. Kf3 {[%clk 0:44:08]} d5 {[%clk
0:09:13]} 30. e5 {[%clk 0:42:58]} Nd7 {[%clk 0:08:57]} 31. Ne2 {[%clk 0:42:27]}
f6 {[%clk 0:07:59]} 32. exf6+ {[%clk 0:40:09]} Kxf6 {[%clk 0:08:03]} 33. Ng3
{[%clk 0:40:03]} R5h6 {[%clk 0:05:01]} 34. Kg4 {[%clk 0:37:07]} Kf7 {[%clk
0:03:46]} 35. Ra1 {[%clk 0:32:04]} Nf6+ {[%clk 0:03:45]} 36. Kf3 {[%clk
0:32:27]} Ra8 {[%clk 0:03:25]} 37. c3 {[%clk 0:31:08]} Rhh8 {[%clk 0:01:57]}
38. Rhh1 {[%clk 0:30:48]} Ra7 {[%clk 0:02:00]} 39. Ra5 {[%clk 0:30:36]} Nd7
{[%clk 0:01:34]} 40. Ne2 {[%clk 0:30:11]} e5 {[%clk 0:00:49]} 41. Kg3 {[%clk
0:29:32]} Nb8 {[%clk 0:19:23]} 42. Ra2 {[%clk 0:59:09]} e4 {[%clk 0:16:33]} 43.
b3 {[%clk 0:58:24]} Rc7 {[%clk 0:16:05]} 44. Rd1 {[%clk 0:57:37]} Ke6 {[%clk
0:15:36]} 45. Kg4 {[%clk 0:56:36]} Rd8 {[%clk 0:12:30]} 46. Kg5 {[%clk
0:55:40]} Kf7 {[%clk 0:12:07]} 47. Rad2 {[%clk 0:55:00]} Rcd7 {[%clk 0:12:01]}
48. f5 {[%clk 0:54:36]} gxf5 {[%clk 0:08:59]} 49. Kxf5 {[%clk 0:51:59]} Rd6
{[%clk 0:07:38]} 50. h5 {[%clk 0:46:59]} Rf6+ {[%clk 0:03:11]} 51. Kg4 {[%clk
0:45:10]} Rg8+ {[%clk 0:03:05]} 52. Kh3 {[%clk 0:41:45]} Rf3+ {[%clk 0:02:59]}
53. Kh4 {[%clk 0:41:34]} Rf2 {[%clk 0:02:17]} 54. Rh1 {[%clk 0:40:34]} e3
{[%clk 0:02:01]} 55. Ra2 {[%clk 0:36:59]} Rgg2 {[%clk 0:02:03]} 56. Re1 {[%clk
0:35:05]} Nd7 {[%clk 0:01:31]} 57. h6 {[%clk 0:32:08]} Ne5 {[%clk 0:01:17]} 58.
Nd4 {[%clk 0:29:46]} Rxa2 {[%clk 0:01:07]} 59. Rxe3 {[%clk 0:29:23]} Ng6+
{[%clk 0:01:13]} 60. Kh5 {[%clk 0:28:12]} Rh2+ {[%clk 0:01:15]} 61. Kg5 {[%clk
0:28:26]} Rag2+ {[%clk 0:01:28]} 0-1

[Event "Deutsche Ländermeisterschaft 2019"]
[Site "Würzburg GER"]
[Date "2019.10.03"]
[Round "3"]
[White "Herbrig, Alexander"]
[Black "Svane, Frederik"]
[Result "0-1"]
[Termination "normal"]
[Board "2.1"]
[WhiteElo "2295"]
[BlackElo "2360"]
[WhiteClock "00:00:34"]
[BlackClock "00:06:55"]
[WhiteTeam "Sachsen"]
[BlackTeam "Schleswig-Holstein"]
[PlyCount "64"]
[WhiteFideId "12952044"]
[BlackFideId "12923044"]
[EventCountry "GER"]
[EventRounds "7"]
[EventType "team-swiss"]
[EventDate "2019.10.01"]

1. e4 {[%clk 1:30:58]} c5 {[%clk 1:30:53]} 2. Nf3 {[%clk 1:31:23]} d6 {[%clk
1:31:17]} 3. d4 {[%clk 1:31:44]} cxd4 {[%clk 1:31:40]} 4. Nxd4 {[%clk 1:32:04]}
Nf6 {[%clk 1:32:05]} 5. Nc3 {[%clk 1:32:23]} a6 {[%clk 1:32:29]} 6. Be3 {[%clk
1:28:51]} e6 {[%clk 1:31:40]} 7. Bd3 {[%clk 1:26:26]} b5 {[%clk 1:25:59]} 8. a3
{[%clk 1:25:26]} Bb7 {[%clk 1:24:58]} 9. O-O {[%clk 1:25:31]} Nbd7 {[%clk
1:14:07]} 10. f4 {[%clk 1:20:45]} Rc8 {[%clk 1:09:38]} 11. Qf3 {[%clk 1:15:24]}
Be7 {[%clk 0:45:07]} 12. Qg3 {[%clk 0:59:57]} O-O {[%clk 0:38:44]} 13. e5
{[%clk 0:57:01]} dxe5 {[%clk 0:38:22]} 14. fxe5 {[%clk 0:57:19]} Nh5 {[%clk
0:38:03]} 15. Qh3 {[%clk 0:52:31]} g6 {[%clk 0:38:11]} 16. Rad1 {[%clk
0:47:15]} Bc5 {[%clk 0:28:36]} 17. Be4 {[%clk 0:44:13]} Qc7 {[%clk 0:24:12]}
18. Bxb7 {[%clk 0:33:51]} Qxb7 {[%clk 0:24:38]} 19. Kh1 {[%clk 0:30:54]} Nxe5
{[%clk 0:17:32]} 20. Nxe6 {[%clk 0:26:45]} fxe6 {[%clk 0:17:43]} 21. Qxe6+
{[%clk 0:26:53]} Nf7 22. Bxc5 {[%clk 0:10:14]} Rxc5 {[%clk 0:18:08]} 23. Nd5
{[%clk 0:08:57]} Kh8 {[%clk 0:15:51]} 24. Qe4 {[%clk 0:02:57]} Ng7 {[%clk
0:15:27]} 25. Qd4 {[%clk 0:02:07]} Rc4 {[%clk 0:10:23]} 26. Qd3 {[%clk
0:02:18]} Nf5 {[%clk 0:07:49]} 27. Rxf5 {[%clk 0:00:34]} gxf5 {[%clk 0:08:13]}
28. Qxf5 {[%clk 0:00:34]} Qc6 {[%clk 0:05:41]} 29. Nf6 {[%clk 0:00:38]} Rh4
{[%clk 0:06:08]} 30. Nd7 {[%clk 0:00:46]} Rg8 {[%clk 0:06:26]} 31. Rd2 {[%clk
0:00:34]} Rd4 {[%clk 0:06:30]} 32. Nf6 {[%clk 0:00:34]} Qxg2+ {[%clk 0:06:55]}
0-1

[Event "Deutsche Ländermeisterschaft 2019"]
[Site "Würzburg GER"]
[Date "2019.10.03"]
[Round "3"]
[White "Arndt, Magnus"]
[Black "Nguyen, Alex Dac-Vuong"]
[Result "0-1"]
[Termination "normal"]
[Board "2.2"]
[WhiteElo "2312"]
[BlackElo "2128"]
[WhiteClock "00:03:47"]
[BlackClock "00:06:35"]
[WhiteTeam "Schleswig-Holstein"]
[BlackTeam "Sachsen"]
[PlyCount "60"]
[WhiteFideId "12998656"]
[BlackFideId "12984388"]
[EventCountry "GER"]
[EventRounds "7"]
[EventType "team-swiss"]
[EventDate "2019.10.01"]

1. d4 {[%clk 1:30:57]} Nf6 {[%clk 1:30:54]} 2. Bg5 {[%clk 1:31:22]} Ne4 {[%clk
1:31:16]} 3. Bf4 {[%clk 1:31:47]} d5 {[%clk 1:29:21]} 4. e3 {[%clk 1:30:56]} c5
{[%clk 1:28:37]} 5. Bd3 {[%clk 1:27:57]} Qb6 {[%clk 1:13:56]} 6. Bxe4 {[%clk
1:24:25]} dxe4 {[%clk 1:13:03]} 7. Nc3 {[%clk 1:22:16]} Na6 {[%clk 1:08:50]} 8.
Nge2 {[%clk 1:17:36]} Bf5 {[%clk 1:06:41]} 9. O-O {[%clk 0:57:19]} e6 {[%clk
1:06:43]} 10. Ng3 {[%clk 0:53:17]} Rd8 {[%clk 1:04:32]} 11. Qe2 {[%clk
0:49:44]} cxd4 {[%clk 0:50:14]} 12. exd4 {[%clk 0:49:46]} Bd6 {[%clk 0:50:32]}
13. Bxd6 {[%clk 0:37:06]} Rxd6 {[%clk 0:50:33]} 14. Nb5 {[%clk 0:36:56]} Rd7
{[%clk 0:48:38]} 15. c3 {[%clk 0:26:17]} Bg6 {[%clk 0:43:31]} 16. a4 {[%clk
0:22:40]} Nc7 {[%clk 0:41:15]} 17. Rfe1 f5 {[%clk 0:21:37]} 18. Nxc7+ {[%clk
0:12:09]} Qxc7 {[%clk 0:21:39]} 19. f3 {[%clk 0:11:58]} O-O {[%clk 0:20:47]}
20. fxe4 {[%clk 0:11:31]} f4 {[%clk 0:21:09]} 21. Nf1 {[%clk 0:11:43]} f3
{[%clk 0:20:19]} 22. gxf3 {[%clk 0:11:37]} e5 {[%clk 0:18:16]} 23. d5 {[%clk
0:10:10]} Bh5 {[%clk 0:18:01]} 24. Nd2 {[%clk 0:10:12]} Rdf7 {[%clk 0:16:35]}
25. Kh1 {[%clk 0:08:58]} Rxf3 {[%clk 0:16:11]} 26. Qc4 {[%clk 0:08:13]} Qb6
{[%clk 0:09:04]} 27. Rf1 {[%clk 0:05:09]} Qe3 {[%clk 0:06:36]} 28. d6+ {[%clk
0:04:32]} Kh8 {[%clk 0:06:51]} 29. Rfe1 {[%clk 0:04:06]} Qxd2 {[%clk 0:06:35]}
30. Rad1 {[%clk 0:03:47]} Qf4 0-1

[Event "Deutsche Ländermeisterschaft 2019"]
[Site "Würzburg GER"]
[Date "2019.10.03"]
[Round "3"]
[White "Dahl, Christoph"]
[Black "Kololli, Martin"]
[Result "1-0"]
[Termination "normal"]
[Board "2.3"]
[BlackTitle "FM"]
[WhiteElo "2178"]
[BlackElo "2310"]
[WhiteClock "00:10:54"]
[BlackClock "00:00:34"]
[WhiteTeam "Sachsen"]
[BlackTeam "Schleswig-Holstein"]
[PlyCount "123"]
[WhiteFideId "16240235"]
[BlackFideId "12936910"]
[EventCountry "GER"]
[EventRounds "7"]
[EventType "team-swiss"]
[EventDate "2019.10.01"]

1. e4 {[%clk 1:30:58]} e5 {[%clk 1:30:54]} 2. Nf3 {[%clk 1:31:20]} Nc6 {[%clk
1:31:17]} 3. d4 {[%clk 1:31:32]} exd4 {[%clk 1:31:40]} 4. Nxd4 {[%clk 1:31:45]}
Bc5 {[%clk 1:32:00]} 5. Be3 {[%clk 1:31:40]} Qf6 {[%clk 1:31:59]} 6. c3 {[%clk
1:31:49]} Nge7 {[%clk 1:32:00]} 7. Bc4 {[%clk 1:31:26]} Ne5 {[%clk 1:32:13]} 8.
Be2 {[%clk 1:31:29]} Qg6 {[%clk 1:26:30]} 9. O-O {[%clk 1:30:05]} O-O {[%clk
1:04:21]} 10. f4 {[%clk 0:56:41]} Qxe4 {[%clk 0:57:40]} 11. Bf2 {[%clk
0:54:07]} Qxf4 {[%clk 0:44:41]} 12. Nb5 {[%clk 0:51:48]} Be3 {[%clk 0:41:44]}
13. Nxc7 {[%clk 0:49:39]} Nf3+ {[%clk 0:36:28]} 14. Bxf3 {[%clk 0:49:56]} Bxf2+
{[%clk 0:36:51]} 15. Rxf2 {[%clk 0:50:22]} Qxc7 {[%clk 0:37:15]} 16. Na3 {[%clk
0:48:26]} a6 {[%clk 0:33:52]} 17. Qd3 {[%clk 0:45:26]} d5 {[%clk 0:31:06]} 18.
Re1 {[%clk 0:44:02]} Bf5 {[%clk 0:28:01]} 19. Rxe7 {[%clk 0:42:35]} Qxe7 {[%clk
0:28:17]} 20. Qxf5 {[%clk 0:43:03]} d4 {[%clk 0:23:45]} 21. cxd4 {[%clk
0:42:23]} Qe1+ {[%clk 0:23:48]} 22. Rf1 {[%clk 0:42:52]} Qe3+ {[%clk 0:24:11]}
23. Kh1 {[%clk 0:42:39]} Qxd4 {[%clk 0:24:00]} 24. Bd5 {[%clk 0:30:10]} Qxb2
{[%clk 0:21:54]} 25. Nc4 Qf6 {[%clk 0:19:16]} 26. Qxf6 {[%clk 0:28:39]} gxf6
{[%clk 0:19:40]} 27. h3 {[%clk 0:24:26]} Rac8 {[%clk 0:18:47]} 28. Nd6 {[%clk
0:22:32]} Rcd8 {[%clk 0:17:13]} 29. Ne4 {[%clk 0:22:52]} b5 {[%clk 0:15:11]}
30. Nxf6+ {[%clk 0:19:12]} Kh8 {[%clk 0:14:02]} 31. Rf5 {[%clk 0:18:11]} Rd6
{[%clk 0:10:47]} 32. g4 {[%clk 0:16:49]} Rc8 {[%clk 0:06:43]} 33. g5 {[%clk
0:16:20]} h6 {[%clk 0:04:57]} 34. h4 {[%clk 0:15:41]} hxg5 {[%clk 0:04:31]} 35.
hxg5 {[%clk 0:16:10]} Kg7 {[%clk 0:03:09]} 36. Kg2 {[%clk 0:13:23]} Kg6 {[%clk
0:01:26]} 37. Be4 {[%clk 0:11:56]} Kg7 {[%clk 0:00:45]} 38. Nh5+ {[%clk
0:11:37]} Kf8 {[%clk 0:00:41]} 39. Bd5 {[%clk 0:11:59]} Rc7 {[%clk 0:00:49]}
40. Nf6 {[%clk 0:11:21]} Re7 {[%clk 0:00:34]} 41. Kf3 {[%clk 0:11:01]} Kg7
{[%clk 0:22:12]} 42. Kg4 {[%clk 0:38:33]} Rb6 {[%clk 0:20:40]} 43. Rf1 {[%clk
0:35:58]} a5 {[%clk 0:13:47]} 44. Kf5 {[%clk 0:32:18]} Re2 {[%clk 0:13:08]} 45.
Rh1 {[%clk 0:32:37]} Rf2+ {[%clk 0:12:59]} 46. Ke5 {[%clk 0:32:35]} Re2+ {[%clk
0:12:23]} 47. Be4 {[%clk 0:29:23]} Re6+ {[%clk 0:12:25]} 48. Kf5 {[%clk
0:28:14]} Rf2+ {[%clk 0:07:07]} 49. Kg4 {[%clk 0:28:42]} Rxe4+ {[%clk 0:04:54]}
50. Nxe4 {[%clk 0:29:10]} Rxa2 {[%clk 0:05:12]} 51. Rf1 {[%clk 0:22:11]} Ra4
{[%clk 0:04:38]} 52. Kf5 {[%clk 0:22:33]} Rd4 {[%clk 0:03:03]} 53. Ke5 {[%clk
0:22:34]} Rd7 {[%clk 0:03:26]} 54. Rc1 {[%clk 0:19:22]} b4 {[%clk 0:02:16]} 55.
Rc8 {[%clk 0:19:33]} Rd1 {[%clk 0:02:27]} 56. Rb8 {[%clk 0:17:40]} Rb1 {[%clk
0:02:04]} 57. Ng3 {[%clk 0:12:33]} b3 {[%clk 0:00:55]} 58. Kf5 {[%clk 0:12:56]}
Kh7 {[%clk 0:00:46]} 59. Kf6 {[%clk 0:11:08]} b2 {[%clk 0:00:33]} 60. Kxf7
{[%clk 0:11:04]} Rg1 {[%clk 0:00:34]} 61. Ne4 {[%clk 0:10:54]} b1=Q 62. Nf6#
1-0

[Event "Deutsche Ländermeisterschaft 2019"]
[Site "Würzburg GER"]
[Date "2019.10.03"]
[Round "3"]
[White "Arnhold, Steffi"]
[Black "Farokhi, Keyvan"]
[Result "1-0"]
[Termination "normal"]
[Board "2.5"]
[WhiteElo "2048"]
[BlackElo "2018"]
[WhiteClock "00:07:11"]
[BlackClock "00:20:44"]
[WhiteTeam "Sachsen"]
[BlackTeam "Schleswig-Holstein"]
[PlyCount "76"]
[WhiteFideId "12931365"]
[BlackFideId "12998630"]
[EventCountry "GER"]
[EventRounds "7"]
[EventType "team-swiss"]
[EventDate "2019.10.01"]

1. e4 {[%clk 1:30:57]} c6 {[%clk 1:30:53]} 2. d4 {[%clk 1:31:20]} d5 {[%clk
1:31:18]} 3. Nc3 {[%clk 1:31:38]} dxe4 {[%clk 1:31:43]} 4. Nxe4 {[%clk
1:32:01]} Bf5 {[%clk 1:32:10]} 5. Ng3 {[%clk 1:32:23]} Bg6 {[%clk 1:32:35]} 6.
h4 {[%clk 1:32:37]} h6 {[%clk 1:32:59]} 7. Nf3 {[%clk 1:32:49]} Nd7 {[%clk
1:33:21]} 8. h5 {[%clk 1:32:49]} Bh7 {[%clk 1:33:50]} 9. Bd3 {[%clk 1:32:53]}
Bxd3 {[%clk 1:34:13]} 10. Qxd3 {[%clk 1:33:10]} e6 {[%clk 1:34:38]} 11. Bd2
{[%clk 1:33:11]} Ngf6 {[%clk 1:34:51]} 12. O-O-O {[%clk 1:32:59]} Be7 {[%clk
1:35:06]} 13. Kb1 {[%clk 1:32:25]} O-O {[%clk 1:35:21]} 14. Ne4 {[%clk
1:31:46]} Nxe4 {[%clk 1:35:13]} 15. Qxe4 {[%clk 1:32:08]} Nf6 {[%clk 1:35:42]}
16. Qe2 {[%clk 1:32:28]} Qd5 {[%clk 1:35:53]} 17. Be3 {[%clk 1:31:33]} Ng4
{[%clk 1:33:44]} 18. Bc1 {[%clk 1:30:37]} b5 {[%clk 1:29:36]} 19. Ne5 {[%clk
1:22:24]} Nf6 {[%clk 1:27:35]} 20. g4 {[%clk 1:15:49]} c5 {[%clk 1:00:43]} 21.
f3 {[%clk 1:00:47]} cxd4 {[%clk 0:57:01]} 22. g5 {[%clk 0:56:57]} hxg5 {[%clk
0:56:16]} 23. Bxg5 {[%clk 0:56:54]} Nd7 {[%clk 0:41:04]} 24. Bxe7 {[%clk
0:50:53]} Nxe5 {[%clk 0:41:24]} 25. Bxf8 {[%clk 0:45:35]} Kxf8 {[%clk 0:40:32]}
26. h6 {[%clk 0:39:27]} gxh6 {[%clk 0:39:34]} 27. Rh5 {[%clk 0:39:22]} f5
{[%clk 0:39:36]} 28. Rxh6 {[%clk 0:37:53]} Kf7 {[%clk 0:35:53]} 29. f4 {[%clk
0:28:28]} Ng4 {[%clk 0:35:20]} 30. Rh7+ {[%clk 0:25:49]} Kg6 {[%clk 0:35:29]}
31. Rh4 b4 {[%clk 0:29:03]} 32. Qd3 {[%clk 0:12:52]} Ne3 {[%clk 0:27:27]} 33.
Rg1+ {[%clk 0:10:58]} Kf6 {[%clk 0:27:41]} 34. Rh6+ {[%clk 0:11:04]} Ke7 {[%clk
0:27:09]} 35. Rgg6 {[%clk 0:06:45]} Kd7 {[%clk 0:20:35]} 36. Rg7+ {[%clk
0:06:23]} Kd6 {[%clk 0:20:36]} 37. Qa6+ {[%clk 0:06:47]} Qc6 {[%clk 0:20:44]}
38. Rxe6+ {[%clk 0:07:11]} Kd5 1-0

[Event "Deutsche Ländermeisterschaft 2019"]
[Site "Würzburg GER"]
[Date "2019.10.03"]
[Round "3"]
[White "Rempe, Jonas"]
[Black "Peglau, Charis"]
[Result "1/2-1/2"]
[Termination "normal"]
[Board "2.6"]
[WhiteElo "1816"]
[BlackElo "1827"]
[WhiteClock "00:04:40"]
[BlackClock "00:34:05"]
[WhiteTeam "Schleswig-Holstein"]
[BlackTeam "Sachsen"]
[PlyCount "96"]
[WhiteFideId "16202406"]
[BlackFideId "16219996"]
[EventCountry "GER"]
[EventRounds "7"]
[EventType "team-swiss"]
[EventDate "2019.10.01"]

1. e4 {[%clk 1:30:58]} c5 {[%clk 1:30:56]} 2. Nf3 {[%clk 1:31:24]} Nc6 {[%clk
1:31:20]} 3. d4 {[%clk 1:31:25]} cxd4 {[%clk 1:31:44]} 4. Nxd4 {[%clk 1:31:50]}
g6 {[%clk 1:32:08]} 5. Nc3 {[%clk 1:32:09]} Bg7 {[%clk 1:32:32]} 6. Be3 {[%clk
1:32:30]} Nf6 {[%clk 1:32:53]} 7. Bc4 {[%clk 1:32:51]} O-O {[%clk 1:33:00]} 8.
Bb3 {[%clk 1:33:09]} d6 {[%clk 1:33:00]} 9. f3 {[%clk 1:33:33]} Bd7 {[%clk
1:32:46]} 10. Qd2 {[%clk 1:33:59]} Qa5 {[%clk 1:33:10]} 11. O-O-O {[%clk
1:33:37]} Rfc8 {[%clk 1:33:22]} 12. h4 {[%clk 1:27:22]} Ne5 {[%clk 1:33:37]}
13. Kb1 {[%clk 1:23:02]} Nc4 {[%clk 1:33:03]} 14. Bxc4 {[%clk 1:23:25]} Rxc4
{[%clk 1:33:30]} 15. Nb3 {[%clk 1:22:10]} Qc7 {[%clk 1:32:26]} 16. h5 {[%clk
1:20:15]} Nxh5 {[%clk 1:30:57]} 17. Nd5 {[%clk 1:19:27]} Qd8 {[%clk 1:30:47]}
18. g4 {[%clk 1:19:34]} Nf6 {[%clk 1:30:42]} 19. Nxf6+ {[%clk 1:19:39]} Bxf6
{[%clk 1:30:16]} 20. Qh2 {[%clk 1:19:45]} Be6 {[%clk 1:21:47]} 21. Nc5 {[%clk
1:08:59]} Rxc5 {[%clk 1:19:41]} 22. Bxc5 {[%clk 1:08:48]} Qa5 {[%clk 1:19:02]}
23. Qxh7+ {[%clk 1:03:47]} Kf8 {[%clk 1:19:25]} 24. Ba3 {[%clk 1:01:34]} Rc8
{[%clk 1:18:49]} 25. Qh6+ {[%clk 1:01:23]} Ke8 {[%clk 1:18:33]} 26. Qd2 {[%clk
0:58:52]} Bc3 {[%clk 1:17:27]} 27. Qd3 {[%clk 0:50:55]} Rc6 {[%clk 1:12:45]}
28. f4 {[%clk 0:37:11]} Bxg4 {[%clk 0:55:12]} 29. Rdg1 {[%clk 0:37:11]} Be6
{[%clk 0:52:40]} 30. Rg3 {[%clk 0:36:06]} b5 {[%clk 0:47:45]} 31. bxc3 {[%clk
0:25:36]} Qxa3 {[%clk 0:48:05]} 32. c4 {[%clk 0:25:59]} Qxd3 {[%clk 0:44:27]}
33. cxd3 {[%clk 0:22:42]} bxc4 {[%clk 0:44:34]} 34. d4 {[%clk 0:22:46]} d5
{[%clk 0:43:40]} 35. exd5 {[%clk 0:21:22]} Bxd5 {[%clk 0:44:04]} 36. Rh8+
{[%clk 0:21:13]} Kd7 {[%clk 0:44:29]} 37. Ra3 {[%clk 0:20:21]} a6 {[%clk
0:44:21]} 38. Kc2 {[%clk 0:20:31]} Rf6 {[%clk 0:44:04]} 39. Ra5 {[%clk
0:20:40]} Bc6 40. Rh4 {[%clk 0:18:20]} Be4+ {[%clk 0:37:33]} 41. Kc3 {[%clk
0:18:05]} Bd3 {[%clk 0:37:55]} 42. Rh8 {[%clk 0:12:01]} Rxf4 {[%clk 0:34:51]}
43. Ra8 {[%clk 0:03:39]} Rf3 {[%clk 0:33:28]} 44. Ra7+ {[%clk 0:02:59]} Ke8
{[%clk 0:32:53]} 45. Ra8+ {[%clk 0:03:24]} Kd7 {[%clk 0:33:18]} 46. Ra7+ {[%clk
0:03:50]} Ke8 {[%clk 0:33:20]} 47. Ra8+ {[%clk 0:04:14]} Kd7 {[%clk 0:33:43]}
48. Ra7+ {[%clk 0:04:40]} Ke8 {[%clk 0:34:05]} 1/2-1/2

[Event "Deutsche Ländermeisterschaft 2019"]
[Site "Würzburg GER"]
[Date "2019.10.03"]
[Round "3"]
[White "Mönster, Madita"]
[Black "Zhou, Lepu Coco"]
[Result "1-0"]
[Termination "normal"]
[Board "3.5"]
[WhiteElo "2004"]
[BlackElo "1739"]
[WhiteClock "00:13:22"]
[BlackClock "01:16:02"]
[WhiteTeam "Niedersachsen"]
[BlackTeam "Berlin"]
[PlyCount "107"]
[WhiteFideId "12947156"]
[BlackFideId "16217136"]
[EventCountry "GER"]
[EventRounds "7"]
[EventType "team-swiss"]
[EventDate "2019.10.01"]

1. e4 {[%clk 1:30:54]} e5 {[%clk 1:30:49]} 2. Nf3 {[%clk 1:31:07]} Nc6 {[%clk
1:31:12]} 3. Bb5 {[%clk 1:31:29]} a6 {[%clk 1:31:34]} 4. Ba4 {[%clk 1:31:53]}
Nf6 {[%clk 1:31:57]} 5. O-O {[%clk 1:32:17]} Be7 {[%clk 1:32:19]} 6. Re1 {[%clk
1:32:41]} b5 {[%clk 1:32:32]} 7. Bb3 {[%clk 1:33:05]} O-O {[%clk 1:32:10]} 8.
c3 {[%clk 1:33:12]} d5 {[%clk 1:32:05]} 9. exd5 {[%clk 1:31:45]} Nxd5 {[%clk
1:32:27]} 10. Nxe5 {[%clk 1:29:27]} Nxe5 {[%clk 1:32:47]} 11. Rxe5 {[%clk
1:29:53]} c6 {[%clk 1:33:10]} 12. d3 {[%clk 1:29:48]} Bd6 {[%clk 1:33:26]} 13.
Re1 {[%clk 1:28:43]} Qh4 {[%clk 1:33:35]} 14. g3 {[%clk 1:28:23]} Qh3 {[%clk
1:33:19]} 15. Re4 {[%clk 1:26:04]} Nf6 {[%clk 1:30:00]} 16. Rh4 {[%clk
1:24:40]} Qf5 {[%clk 1:30:00]} 17. Nd2 {[%clk 1:21:44]} g5 {[%clk 1:23:22]} 18.
Rh6 {[%clk 1:20:51]} Ng4 {[%clk 1:23:24]} 19. Ne4 {[%clk 1:20:06]} Nxh6 {[%clk
1:21:56]} 20. Nxd6 {[%clk 1:18:55]} Qh3 {[%clk 1:22:07]} 21. Qf3 {[%clk
1:12:55]} Be6 {[%clk 1:15:33]} 22. Ne4 {[%clk 1:04:36]} Ng4 {[%clk 1:04:10]}
23. Nf6+ {[%clk 0:54:29]} Kh8 {[%clk 1:04:20]} 24. Nxg4 {[%clk 0:47:07]} Qxg4
{[%clk 1:02:40]} 25. Qxg4 {[%clk 0:41:36]} Bxg4 {[%clk 1:02:54]} 26. Bxg5
{[%clk 0:41:39]} f6 {[%clk 1:02:27]} 27. Be3 {[%clk 0:39:34]} Rfe8 {[%clk
1:00:53]} 28. Kg2 {[%clk 0:35:36]} Be6 {[%clk 1:01:04]} 29. Bxe6 {[%clk
0:27:16]} Rxe6 {[%clk 1:01:25]} 30. Re1 {[%clk 0:27:06]} Rd8 {[%clk 1:00:51]}
31. d4 {[%clk 0:25:42]} Rde8 {[%clk 1:00:58]} 32. Kf1 {[%clk 0:25:22]} f5
{[%clk 1:00:06]} 33. Bd2 {[%clk 0:24:51]} Rxe1+ {[%clk 1:00:04]} 34. Bxe1
{[%clk 0:25:15]} Kg7 {[%clk 1:00:19]} 35. b3 {[%clk 0:21:21]} Rd8 {[%clk
0:59:36]} 36. Ke2 {[%clk 0:16:47]} Kg6 {[%clk 0:59:43]} 37. Bd2 {[%clk
0:13:16]} b4 {[%clk 0:59:53]} 38. Kd3 {[%clk 0:10:50]} bxc3 {[%clk 0:59:52]}
39. Kxc3 {[%clk 0:10:02]} Rd5 {[%clk 1:00:11]} 40. Kc4 {[%clk 0:08:34]} Kf6
{[%clk 0:55:34]} 41. Bb4 {[%clk 0:29:31]} f4 {[%clk 1:25:23]} 42. Bc5 {[%clk
0:21:13]} Rh5 {[%clk 1:23:50]} 43. h4 {[%clk 0:19:36]} Rd5 {[%clk 1:24:04]} 44.
Kb4 {[%clk 0:15:32]} Kf5 {[%clk 1:23:44]} 45. Ka5 {[%clk 0:14:58]} fxg3 {[%clk
1:23:47]} 46. fxg3 {[%clk 0:15:22]} Kg4 {[%clk 1:23:32]} 47. Kb6 {[%clk
0:15:38]} Kxg3 {[%clk 1:23:12]} 48. Kxc6 {[%clk 0:15:55]} Rd8 {[%clk 1:22:29]}
49. d5 {[%clk 0:14:50]} Rc8+ {[%clk 1:22:05]} 50. Kb6 {[%clk 0:14:50]} Rb8+
{[%clk 1:21:42]} 51. Kc7 {[%clk 0:14:14]} Re8 {[%clk 1:20:48]} 52. d6 {[%clk
0:13:58]} Re5 {[%clk 1:20:55]} 53. b4 {[%clk 0:13:21]} Rd5 {[%clk 1:16:02]} 54.
d7 {[%clk 0:13:22]} 1-0